[Event "Batavia 1920"]
[Site "Amsterdam"]
[Date "2014.02.24"]
[Round "4.1"]
[White "L'Ami, Alina"]
[Black "Van Foreest, Jorden"]
[Result "1/2-1/2"]
[LiveChessVersion "1.4.2"]
[BlackElo "2371"]
[WhiteElo "2398"]

1. d4 {[%clk 1:30:56]} d5 {[%clk 1:30:52]} 2. c4 {[%clk 1:30:58]} c6
{[%clk 1:31:15]} 3. Nf3 {[%clk 1:31:00]} Nf6 {[%clk 1:31:34]} 4. Nc3
{[%clk 1:31:07]} dxc4 {[%clk 1:31:57]} 5. a4 {[%clk 1:31:21]} e6 {[%clk 1:32:18]}
6. e4 {[%clk 1:30:48]} Bb4 {[%clk 1:32:42]} 7. e5 {[%clk 1:31:08]} Nd5
{[%clk 1:33:06]} 8. Bd2 {[%clk 1:31:29]} b5 {[%clk 1:33:29]} 9. axb5
{[%clk 1:31:47]} Bxc3 {[%clk 1:33:54]} 10. bxc3 {[%clk 1:32:13]} cxb5
{[%clk 1:34:18]} 11. Ng5 {[%clk 1:32:38]} h6 {[%clk 1:34:44]} 12. Ne4
{[%clk 1:29:47]} O-O {[%clk 1:35:07]} 13. g4 {[%clk 1:26:22]} Bb7
{[%clk 1:28:58]} 14. Rg1 {[%clk 1:25:28]} Nxc3 {[%clk 1:22:31]} 15. Nxc3
{[%clk 1:23:31]} Qxd4 {[%clk 1:22:41]} 16. Ne2 {[%clk 1:22:21]} Qxe5
{[%clk 1:19:56]} 17. Bc3 {[%clk 1:22:22]} Qg5 {[%clk 1:13:48]} 18. h4
{[%clk 0:49:20]} Qxh4 {[%clk 1:12:40]} 19. Qd4 {[%clk 0:44:09]} f6
{[%clk 1:10:33]} 20. O-O-O {[%clk 0:37:48]} b4 {[%clk 1:04:12]} 21. g5
{[%clk 0:17:56]} Qxd4 {[%clk 1:02:42]} 22. Nxd4 {[%clk 0:16:43]} bxc3
{[%clk 0:48:36]} 23. Nxe6 {[%clk 0:11:52]} fxg5 {[%clk 0:45:51]} 24. Bxc4
{[%clk 0:09:51]} Nc6 {[%clk 0:35:49]} 25. Rd7 {[%clk 0:05:53]} Rf6
{[%clk 0:31:48]} 26. Rxb7 {[%clk 0:03:40]} Na5 {[%clk 0:31:37]} 27. Nc7+
{[%clk 0:03:37]} Kh8 {[%clk 0:29:04]} 28. Rb5 {[%clk 0:02:46]} Rc8
{[%clk 0:29:09]} 29. Bd3 {[%clk 0:02:14]} Nc6 {[%clk 0:27:32]} 30. Nd5
{[%clk 0:02:37]} Rf3 {[%clk 0:26:38]} 31. Be4 {[%clk 0:01:44]} Nd4
{[%clk 0:25:11]} 32. Bxf3 {[%clk 0:01:56]} Nxb5 {[%clk 0:25:39]} 33. Re1
{[%clk 0:00:46]} Nd4 {[%clk 0:24:15]} 34. Bh5 {[%clk 0:00:40]} Kh7
{[%clk 0:20:36]} 35. Bg6+ {[%clk 0:00:43]} Kh8 {[%clk 0:20:50]} 36. Re4
{[%clk 0:00:41]} Nb3+ {[%clk 0:20:34]} 37. Kc2 {[%clk 0:01:08]} Na1+
{[%clk 0:20:58]} 38. Kc1 {[%clk 0:01:29]} Nb3+ {[%clk 0:20:36]} 39. Kc2
{[%clk 0:01:28]} Na1+ {[%clk 0:21:02]} 40. Kc1 {[%clk 0:01:20]} Nb3+
{[%clk 0:21:27]} 1/2-1/2

[Event "Batavia 1920"]
[Site "Amsterdam"]
[Date "2014.02.24"]
[Round "4.2"]
[White "Burg, Twan"]
[Black "Van Eijk, Sander"]
[Result "1-0"]
[LiveChessVersion "1.4.2"]
[BlackElo "2438"]
[WhiteElo "2494"]

1. e4 {[%clk 1:30:54]} c5 {[%clk 1:30:07]} 2. Nf3 {[%clk 1:31:17]} e6
{[%clk 1:30:33]} 3. d4 {[%clk 1:31:35]} cxd4 {[%clk 1:30:59]} 4. Nxd4
{[%clk 1:32:01]} a6 {[%clk 1:31:25]} 5. c4 {[%clk 1:32:12]} Nf6 {[%clk 1:31:48]}
6. Nc3 {[%clk 1:32:36]} Qc7 {[%clk 1:32:09]} 7. a3 {[%clk 1:32:22]} b6
{[%clk 1:32:33]} 8. Be3 {[%clk 1:31:24]} Bb7 {[%clk 1:32:48]} 9. f3
{[%clk 1:31:49]} d6 {[%clk 1:33:08]} 10. Be2 {[%clk 1:31:46]} Be7
{[%clk 1:32:56]} 11. O-O {[%clk 1:32:02]} Nbd7 {[%clk 1:33:16]} 12. Rc1
{[%clk 1:31:54]} Rc8 {[%clk 1:33:06]} 13. b4 {[%clk 1:31:17]} O-O
{[%clk 1:32:12]} 14. Kh1 {[%clk 1:27:02]} Rfe8 15. Nb3 Qb8 {[%clk 1:31:11]} 16.
Na4 {[%clk 1:26:32]} Bd8 {[%clk 1:26:52]} 17. Bg1 {[%clk 1:26:33]} Ba8
{[%clk 1:22:52]} 18. Nd4 {[%clk 1:18:20]} h5 {[%clk 1:18:51]} 19. Bf2
{[%clk 1:18:01]} Bc7 {[%clk 1:18:06]} 20. b5 {[%clk 1:18:09]} a5 {[%clk 1:13:13]}
21. Nc6 {[%clk 1:18:18]} Bxc6 {[%clk 1:11:51]} 22. bxc6 {[%clk 1:18:39]} Nc5
{[%clk 1:10:35]} 23. Rb1 {[%clk 1:18:47]} Qa7 {[%clk 0:50:22]} 24. Nc3 Bb8
{[%clk 0:43:06]} 25. Nb5 {[%clk 1:19:12]} Qe7 {[%clk 0:42:42]} 26. Nd4
{[%clk 1:19:31]} Bc7 {[%clk 0:35:59]} 27. Bd3 {[%clk 0:56:27]} Qd8
{[%clk 0:35:59]} 28. Re1 {[%clk 0:56:27]} d5 {[%clk 0:27:43]} 29. e5
{[%clk 0:44:51]} Nxd3 {[%clk 0:25:09]} 30. Qxd3 {[%clk 0:45:15]} dxc4
{[%clk 0:25:35]} 31. Qxc4 {[%clk 0:45:25]} Nd5 {[%clk 0:25:58]} 32. Nb5
{[%clk 0:45:21]} Qe7 {[%clk 0:22:54]} 33. Rb3 {[%clk 0:39:48]} Bb8
{[%clk 0:17:34]} 34. f4 {[%clk 0:38:17]} Red8 {[%clk 0:14:42]} 35. f5
{[%clk 0:30:20]} Qe8 {[%clk 0:11:29]} 36. Nd4 {[%clk 0:28:20]} exf5
{[%clk 0:10:26]} 37. Bh4 {[%clk 0:27:09]} Ne7 {[%clk 0:09:40]} 38. Rg3
{[%clk 0:12:36]} Rxd4 {[%clk 0:10:02]} 39. Qxd4 {[%clk 0:12:55]} Nxc6
{[%clk 0:08:45]} 40. Rxg7+ {[%clk 0:05:10]} Kxg7 {[%clk 0:09:05]} 41. Bf6+
{[%clk 0:05:35]} Kf8 {[%clk 0:22:22]} 42. Qf4 {[%clk 0:36:55]} Qe6
{[%clk 0:22:37]} 43. Qh6+ {[%clk 0:37:17]} Ke8 {[%clk 0:22:57]} 44. Rd1
{[%clk 0:37:40]} 1-0

[Event "Batavia 1920"]
[Site "Amsterdam"]
[Date "2014.02.24"]
[Round "4.3"]
[White "Peng, Zhaoqin"]
[Black "Williams, Simon"]
[Result "0-1"]
[LiveChessVersion "1.4.2"]
[BlackElo "2449"]
[WhiteElo "2398"]

1. d4 {[%clk 1:30:52]} e6 {[%clk 1:30:36]} 2. c4 {[%clk 1:31:10]} b6
{[%clk 1:30:51]} 3. Nc3 {[%clk 1:29:25]} Bb7 {[%clk 1:30:47]} 4. a3
{[%clk 1:29:20]} f5 {[%clk 1:29:13]} 5. d5 {[%clk 1:26:56]} Be7 {[%clk 1:23:37]}
6. g3 {[%clk 1:24:53]} Bf6 {[%clk 1:23:16]} 7. Bd2 {[%clk 1:24:55]} Ne7
{[%clk 0:56:42]} 8. Bg2 {[%clk 1:25:17]} O-O {[%clk 0:57:04]} 9. Nh3
{[%clk 1:22:00]} Nc8 {[%clk 0:52:16]} 10. O-O {[%clk 1:07:43]} Nd6
{[%clk 0:52:40]} 11. b3 {[%clk 1:06:24]} Na6 {[%clk 0:49:22]} 12. Rc1
{[%clk 1:03:21]} Nc5 {[%clk 0:41:50]} 13. Qc2 {[%clk 0:54:12]} Qe8
{[%clk 0:35:20]} 14. Nf4 {[%clk 0:46:30]} e5 {[%clk 0:30:35]} 15. Nd3
{[%clk 0:45:14]} Nce4 {[%clk 0:30:46]} 16. Nxe4 {[%clk 0:40:17]} Nxe4
{[%clk 0:31:11]} 17. Bb4 {[%clk 0:37:02]} d6 {[%clk 0:30:52]} 18. e3
{[%clk 0:34:31]} Bc8 {[%clk 0:27:14]} 19. f3 {[%clk 0:29:10]} Ng5
{[%clk 0:27:23]} 20. Nf2 {[%clk 0:26:49]} Qh5 {[%clk 0:24:56]} 21. Qd1
{[%clk 0:26:07]} f4 {[%clk 0:24:39]} 22. exf4 {[%clk 0:18:56]} exf4
{[%clk 0:25:05]} 23. g4 {[%clk 0:19:12]} Qh4 {[%clk 0:21:48]} 24. Be1
{[%clk 0:16:57]} Qh6 {[%clk 0:22:13]} 25. Qd3 {[%clk 0:16:38]} Bd7
{[%clk 0:21:42]} 26. Bd2 {[%clk 0:16:30]} Be5 {[%clk 0:19:54]} 27. Rfe1
{[%clk 0:14:05]} Be8 {[%clk 0:18:58]} 28. Bc3 {[%clk 0:13:17]} Bg6
{[%clk 0:19:23]} 29. Qd2 {[%clk 0:13:42]} Nf7 {[%clk 0:19:43]} 30. Nd3
{[%clk 0:12:35]} Bxc3 {[%clk 0:19:19]} 31. Rxc3 {[%clk 0:11:34]} Bxd3
{[%clk 0:19:08]} 32. Rxd3 {[%clk 0:12:02]} Rae8 {[%clk 0:17:23]} 33. Rd4
{[%clk 0:12:05]} Qh4 {[%clk 0:13:57]} 34. Rde4 {[%clk 0:09:19]} Ne5
{[%clk 0:13:18]} 35. R1e2 {[%clk 0:09:17]} h5 {[%clk 0:12:14]} 36. Rxf4
{[%clk 0:07:08]} hxg4 {[%clk 0:12:27]} 37. fxg4 {[%clk 0:06:07]} Nxg4
{[%clk 0:10:07]} 38. Rxf8+ {[%clk 0:05:10]} Rxf8 {[%clk 0:10:29]} 39. h3
{[%clk 0:04:09]} Ne5 {[%clk 0:10:39]} 40. Qe3 {[%clk 0:03:05]} a5
{[%clk 0:07:48]} 41. a4 {[%clk 0:02:17]} Rf4 {[%clk 0:05:38]} 42. Rd2
{[%clk 0:30:10]} Qf6 {[%clk 0:32:27]} 43. Re2 {[%clk 0:24:58]} Kf7
{[%clk 0:30:11]} 44. Kh1 {[%clk 0:19:39]} Qh4 {[%clk 0:29:00]} 45. Kg1
{[%clk 0:19:04]} Kf6 {[%clk 0:24:40]} 46. Be4 {[%clk 0:15:29]} Qg5+
{[%clk 0:20:47]} 47. Bg2 {[%clk 0:13:56]} Rf5 {[%clk 0:19:59]} 48. Kh2
{[%clk 0:06:54]} Qh4 {[%clk 0:13:19]} 49. Qg3 {[%clk 0:05:19]} Qh5
{[%clk 0:13:06]} 50. Re4 {[%clk 0:05:05]} g5 {[%clk 0:12:13]} 51. Re1
{[%clk 0:03:36]} Rf4 {[%clk 0:12:09]} 52. Kg1 {[%clk 0:03:16]} Qh4
{[%clk 0:11:59]} 53. Re3 {[%clk 0:02:10]} Qxg3 {[%clk 0:12:11]} 54. Rxg3
{[%clk 0:02:39]} Kf5 {[%clk 0:12:16]} 55. Bf1 {[%clk 0:01:55]} Rf3
{[%clk 0:11:55]} 56. Rxf3+ {[%clk 0:00:48]} Nxf3+ {[%clk 0:12:19]} 57. Kf2
{[%clk 0:01:14]} Nd4 {[%clk 0:12:18]} 58. Ke3 {[%clk 0:01:31]} Nxb3
{[%clk 0:12:39]} 59. Bd3+ {[%clk 0:01:48]} Ke5 {[%clk 0:12:14]} 60. Kf3
{[%clk 0:01:35]} Nc5 {[%clk 0:11:58]} 61. Bc2 {[%clk 0:01:57]} Nd7
{[%clk 0:12:13]} 62. Kg4 {[%clk 0:02:03]} Kf6 {[%clk 0:12:19]} 0-1

[Event "Batavia 1920"]
[Site "Amsterdam"]
[Date "2014.02.24"]
[Round "4.4"]
[White "Van Delft, Merijn"]
[Black "Smerdon, David"]
[Result "1/2-1/2"]
[LiveChessVersion "1.4.2"]
[BlackElo "2508"]
[WhiteElo "2423"]

1. e4 {[%clk 1:30:32]} d5 {[%clk 1:30:54]} 2. exd5 {[%clk 1:30:15]} Qxd5
{[%clk 1:31:13]} 3. Nc3 {[%clk 1:25:17]} Qa5 {[%clk 1:30:22]} 4. Bc4
{[%clk 1:23:44]} Nf6 {[%clk 1:29:20]} 5. d3 {[%clk 1:23:46]} Bf5 {[%clk 1:11:26]}
6. Nge2 {[%clk 1:22:50]} c6 {[%clk 1:09:18]} 7. O-O {[%clk 1:20:46]} e6
{[%clk 1:00:39]} 8. Qe1 {[%clk 1:15:06]} Qd8 {[%clk 0:46:27]} 9. Ng3
{[%clk 1:08:55]} Bg6 {[%clk 0:45:41]} 10. f4 {[%clk 1:03:50]} Bc5+
{[%clk 0:46:01]} 11. Kh1 {[%clk 1:03:45]} Qe7 {[%clk 0:41:06]} 12. f5
{[%clk 0:57:47]} exf5 {[%clk 0:41:31]} 13. Qxe7+ {[%clk 0:56:39]} Bxe7
{[%clk 0:38:49]} 14. Nxf5 {[%clk 0:55:53]} Bxf5 {[%clk 0:39:12]} 15. Rxf5
{[%clk 0:56:08]} Nbd7 {[%clk 0:38:02]} 16. Bg5 {[%clk 0:52:18]} h6
{[%clk 0:25:53]} 17. Bd2 {[%clk 0:49:36]} b5 {[%clk 0:23:28]} 18. Bb3
{[%clk 0:48:28]} Nc5 {[%clk 0:23:42]} 19. Be3 {[%clk 0:39:34]} 1/2-1/2

[Event "Batavia 1920"]
[Site "Amsterdam"]
[Date "2014.02.24"]
[Round "4.5"]
[White "Ernst, Sipke"]
[Black "Geirnaert, Steven"]
[Result "0-1"]
[LiveChessVersion "1.4.2"]
[BlackElo "2391"]
[WhiteElo "2575"]

1. d4 {[%clk 1:30:58]} Nf6 {[%clk 1:26:23]} 2. c4 {[%clk 1:31:23]} e6
{[%clk 1:26:47]} 3. Nf3 {[%clk 1:31:49]} b6 {[%clk 1:27:11]} 4. g3
{[%clk 1:32:14]} Ba6 {[%clk 1:27:37]} 5. Qc2 {[%clk 1:32:40]} Bb7
{[%clk 1:27:51]} 6. Bg2 {[%clk 1:33:04]} c5 {[%clk 1:28:17]} 7. d5
{[%clk 1:33:30]} exd5 {[%clk 1:28:37]} 8. cxd5 {[%clk 1:33:56]} Nxd5
{[%clk 1:28:54]} 9. O-O {[%clk 1:34:21]} Be7 {[%clk 1:29:19]} 10. Rd1
{[%clk 1:34:47]} Qc8 {[%clk 1:29:40]} 11. a3 {[%clk 1:35:12]} Nf6
{[%clk 1:29:49]} 12. Bg5 {[%clk 1:19:47]} h6 {[%clk 1:30:01]} 13. Bxf6
{[%clk 1:14:10]} Bxf6 {[%clk 1:30:28]} 14. Nc3 {[%clk 1:13:53]} O-O
{[%clk 1:30:49]} 15. Ne1 {[%clk 0:51:32]} Nc6 {[%clk 1:06:09]} 16. Nd5
{[%clk 0:43:52]} Bd8 {[%clk 1:05:54]} 17. Qe4 {[%clk 0:44:12]} d6
{[%clk 1:00:29]} 18. e3 {[%clk 0:44:27]} Qd7 {[%clk 0:58:29]} 19. Rd2
{[%clk 0:37:14]} Re8 {[%clk 0:49:58]} 20. Qa4 {[%clk 0:37:40]} a6
{[%clk 0:49:56]} 21. Rad1 {[%clk 0:38:08]} b5 {[%clk 0:49:53]} 22. Qc2
{[%clk 0:38:36]} c4 {[%clk 0:41:09]} 23. Nc3 {[%clk 0:33:16]} Be7
{[%clk 0:41:01]} 24. Nf3 {[%clk 0:30:21]} Rad8 {[%clk 0:38:02]} 25. Nd5
{[%clk 0:30:48]} Bf8 {[%clk 0:37:41]} 26. Nh4 {[%clk 0:27:19]} Ne5
{[%clk 0:30:21]} 27. Be4 {[%clk 0:26:23]} Kh8 {[%clk 0:27:26]} 28. Ng2
{[%clk 0:10:52]} Nd3 {[%clk 0:26:06]} 29. Bxd3 {[%clk 0:11:17]} Bxd5
{[%clk 0:26:21]} 30. Bf5 {[%clk 0:11:45]} Be6 {[%clk 0:26:37]} 31. Be4
{[%clk 0:11:40]} Qa7 {[%clk 0:22:39]} 32. Bc6 {[%clk 0:11:39]} Bg4
{[%clk 0:19:50]} 33. Ra1 {[%clk 0:11:14]} Bd7 {[%clk 0:20:11]} 34. Bd5
{[%clk 0:11:39]} Be6 {[%clk 0:19:49]} 35. Nf4 {[%clk 0:11:39]} Bxd5
{[%clk 0:19:43]} 36. Nxd5 {[%clk 0:11:55]} g6 {[%clk 0:17:01]} 37. b3
{[%clk 0:10:33]} Bg7 {[%clk 0:16:59]} 38. Rad1 {[%clk 0:09:37]} Qc5
{[%clk 0:10:03]} 39. b4 {[%clk 0:09:25]} Qc6 {[%clk 0:06:22]} 40. Rc1
{[%clk 0:09:48]} Re5 {[%clk 0:03:56]} 41. Rcd1 {[%clk 0:06:44]} Ree8
{[%clk 0:30:38]} 42. h3 {[%clk 0:38:08]} Ra8 {[%clk 0:21:34]} 43. Rb1
{[%clk 0:34:48]} Reb8 {[%clk 0:14:39]} 44. h4 {[%clk 0:33:46]} h5
{[%clk 0:12:15]} 45. f4 {[%clk 0:33:57]} Qd7 {[%clk 0:12:11]} 46. Kh2
{[%clk 0:33:07]} a5 {[%clk 0:12:23]} 47. Rf2 {[%clk 0:30:51]} axb4
{[%clk 0:12:02]} 48. axb4 {[%clk 0:31:18]} Qg4 {[%clk 0:11:57]} 49. Rbf1
{[%clk 0:23:28]} Ra1 {[%clk 0:06:59]} 50. Rxa1 {[%clk 0:18:01]} Bxa1
{[%clk 0:07:28]} 51. Qa2 {[%clk 0:15:34]} Bg7 {[%clk 0:07:27]} 52. Qa7
{[%clk 0:14:20]} Rf8 {[%clk 0:07:24]} 53. e4 {[%clk 0:06:15]} Qe6
{[%clk 0:04:55]} 54. Re2 {[%clk 0:04:44]} c3 {[%clk 0:04:07]} 55. Qe3
{[%clk 0:02:57]} Rc8 {[%clk 0:04:24]} 56. Qd3 {[%clk 0:03:00]} Qg4
{[%clk 0:03:35]} 57. Rc2 {[%clk 0:02:34]} Rc4 {[%clk 0:03:35]} 58. e5
{[%clk 0:00:47]} dxe5 {[%clk 0:03:25]} 59. Ne3 {[%clk 0:01:14]} Rd4
{[%clk 0:03:21]} 60. Qxc3 {[%clk 0:00:47]} Qf3 {[%clk 0:03:46]} 61. Ng2
{[%clk 0:00:55]} Qxc3 {[%clk 0:03:03]} 62. Rxc3 {[%clk 0:01:22]} exf4
{[%clk 0:03:24]} 63. Rc8+ {[%clk 0:01:50]} Kh7 {[%clk 0:03:42]} 64. Nxf4
{[%clk 0:02:17]} Rxb4 {[%clk 0:04:02]} 65. Rc7 {[%clk 0:02:00]} Kg8
{[%clk 0:03:58]} 66. Rc8+ {[%clk 0:02:26]} Bf8 {[%clk 0:04:13]} 67. Rb8
{[%clk 0:02:44]} Rb2+ {[%clk 0:04:15]} 68. Kh3 {[%clk 0:03:10]} b4
{[%clk 0:04:38]} 69. Nd3 {[%clk 0:03:27]} Rb1 {[%clk 0:04:19]} 70. Ne5
{[%clk 0:03:23]} Rd1 {[%clk 0:01:09]} 71. Nc6 {[%clk 0:03:13]} Rb1
{[%clk 0:01:35]} 72. Ne5 {[%clk 0:03:25]} Kg7 {[%clk 0:01:32]} 73. Rb7
{[%clk 0:03:32]} Re1 {[%clk 0:01:15]} 74. Nc6 {[%clk 0:02:40]} Bd6
{[%clk 0:01:16]} 75. Kg2 {[%clk 0:01:24]} Re3 {[%clk 0:01:20]} 76. Nd8
{[%clk 0:01:43]} Rxg3+ {[%clk 0:00:46]} 77. Kf2 {[%clk 0:02:11]} Rg4
{[%clk 0:01:12]} 78. Ke3 {[%clk 0:01:19]} Rxh4 {[%clk 0:01:00]} 79. Nxf7
{[%clk 0:01:40]} Bc5+ {[%clk 0:01:25]} 80. Kf3 {[%clk 0:02:00]} Kf6
{[%clk 0:01:45]} 81. Nd8 {[%clk 0:02:20]} Rh3+ {[%clk 0:01:48]} 82. Kg2
{[%clk 0:02:38]} Rc3 {[%clk 0:01:51]} 83. Nc6 {[%clk 0:02:49]} b3
{[%clk 0:01:59]} 84. Na5 {[%clk 0:02:57]} Rc2+ {[%clk 0:02:17]} 85. Kf3
{[%clk 0:03:25]} b2 {[%clk 0:02:38]} 86. Ke4 {[%clk 0:03:51]} Ba3
{[%clk 0:02:19]} 0-1

[Event "Batavia 1920"]
[Site "Amsterdam"]
[Date "2014.02.25"]
[Round "5.1"]
[White "Van Eijk, Sander"]
[Black "L'Ami, Alina"]
[Result "1-0"]
[LiveChessVersion "1.4.2"]
[BlackElo "2398"]
[WhiteElo "2438"]

1. e4 {[%clk 1:30:57]} e6 {[%clk 1:30:36]} 2. d4 {[%clk 1:31:16]} d5
{[%clk 1:31:02]} 3. Nd2 {[%clk 1:31:43]} Nf6 {[%clk 1:31:11]} 4. e5
{[%clk 1:32:01]} Nfd7 {[%clk 1:31:36]} 5. c3 {[%clk 1:32:28]} c5 {[%clk 1:31:34]}
6. Bd3 {[%clk 1:32:52]} Nc6 {[%clk 1:31:43]} 7. Ne2 {[%clk 1:32:42]} cxd4
{[%clk 1:31:44]} 8. cxd4 {[%clk 1:33:07]} f6 {[%clk 1:32:10]} 9. exf6
{[%clk 1:33:18]} Nxf6 {[%clk 1:32:35]} 10. Nf3 {[%clk 1:33:38]} Qc7
{[%clk 1:32:57]} 11. O-O {[%clk 1:30:10]} Bd6 {[%clk 1:32:40]} 12. Bg5
{[%clk 1:30:36]} O-O {[%clk 1:33:01]} 13. Rc1 {[%clk 1:31:02]} Bd7
{[%clk 1:33:10]} 14. Bh4 {[%clk 1:19:46]} Qb6 {[%clk 1:17:48]} 15. b3
{[%clk 1:07:59]} Be8 {[%clk 0:50:22]} 16. Bg3 {[%clk 1:01:26]} Ba3
{[%clk 0:47:18]} 17. Rb1 {[%clk 0:49:00]} Nb4 {[%clk 0:35:56]} 18. Ne5
{[%clk 0:44:58]} Nh5 {[%clk 0:30:13]} 19. Nc3 {[%clk 0:35:56]} Nxg3
{[%clk 0:24:40]} 20. hxg3 {[%clk 0:36:19]} Rc8 {[%clk 0:21:38]} 21. Na4
{[%clk 0:33:43]} Qd6 {[%clk 0:19:31]} 22. Qd2 {[%clk 0:24:44]} Nxd3
{[%clk 0:14:17]} 23. Qxd3 {[%clk 0:24:45]} a6 {[%clk 0:14:09]} 24. Rfd1
{[%clk 0:22:17]} Bb5 {[%clk 0:10:54]} 25. Qd2 {[%clk 0:21:13]} Bb4
{[%clk 0:10:26]} 26. Qe3 {[%clk 0:20:20]} Rc2 {[%clk 0:09:52]} 27. Rb2
{[%clk 0:19:41]} Rc7 {[%clk 0:07:52]} 28. Nf3 {[%clk 0:18:52]} Ba3
{[%clk 0:07:31]} 29. Rbb1 {[%clk 0:19:10]} Be8 {[%clk 0:06:08]} 30. Nb2
{[%clk 0:15:20]} Rc2 {[%clk 0:03:11]} 31. Rd2 {[%clk 0:15:15]} Rxd2
{[%clk 0:01:54]} 32. Qxd2 {[%clk 0:15:27]} Bh5 {[%clk 0:01:31]} 33. Ne5
{[%clk 0:14:48]} Rc8 {[%clk 0:01:52]} 34. Nbd3 {[%clk 0:14:30]} Qb6
{[%clk 0:01:38]} 35. Nf4 {[%clk 0:10:12]} Be8 {[%clk 0:02:07]} 36. Rd1
{[%clk 0:09:54]} Bd6 {[%clk 0:01:50]} 37. Rc1 {[%clk 0:08:38]} Rxc1+
{[%clk 0:01:28]} 38. Qxc1 {[%clk 0:09:07]} Qxd4 {[%clk 0:00:56]} 39. Qc8
{[%clk 0:08:28]} Qa1+ {[%clk 0:00:37]} 40. Kh2 {[%clk 0:08:52]} Qxe5
{[%clk 0:01:05]} 41. Qxe8+ {[%clk 0:08:55]} Bf8 {[%clk 0:01:34]} 42. Nxe6
{[%clk 0:07:42]} Qf6 {[%clk 0:30:13]} 43. Nf4 {[%clk 0:30:20]} Qd6
{[%clk 0:20:08]} 44. Qc8 {[%clk 0:29:03]} b5 {[%clk 0:19:19]} 45. Qf5
{[%clk 0:25:14]} d4 {[%clk 0:19:01]} 46. Kg1 {[%clk 0:23:55]} g6 {[%clk 0:16:07]}
47. Qe6+ {[%clk 0:22:43]} Kg7 {[%clk 0:14:10]} 48. Kf1 {[%clk 0:20:48]} Qc7
{[%clk 0:11:58]} 49. Qe1 {[%clk 0:19:46]} Qc3 {[%clk 0:07:50]} 50. Qe5+
{[%clk 0:18:29]} Kh6 {[%clk 0:08:03]} 51. Kg1 {[%clk 0:16:27]} Qc5
{[%clk 0:06:57]} 52. Qf6 {[%clk 0:14:15]} Be7 {[%clk 0:05:31]} 53. Qxa6
{[%clk 0:13:31]} Bg5 {[%clk 0:03:27]} 54. Ne6 {[%clk 0:13:38]} Qe5
{[%clk 0:03:00]} 55. Qc8 {[%clk 0:07:54]} Qe1+ {[%clk 0:02:29]} 56. Kh2
{[%clk 0:08:23]} Qxf2 {[%clk 0:02:49]} 57. Qd7 {[%clk 0:07:02]} Bf6
{[%clk 0:01:39]} 58. Nf8 {[%clk 0:07:02]} Qc2 {[%clk 0:00:46]} 59. Qxh7+
{[%clk 0:07:03]} Kg5 {[%clk 0:01:14]} 60. Qh4+ {[%clk 0:07:24]} 1-0

[Event "Batavia 1920"]
[Site "Amsterdam"]
[Date "2014.02.25"]
[Round "5.2"]
[White "Smerdon, David"]
[Black "Burg, Twan"]
[Result "1-0"]
[LiveChessVersion "1.4.2"]
[BlackElo "2494"]
[WhiteElo "2508"]

1. e4 {[%clk 1:30:59]} c5 {[%clk 1:30:56]} 2. Nf3 {[%clk 1:31:25]} d6
{[%clk 1:31:19]} 3. Bb5+ {[%clk 1:31:50]} Bd7 {[%clk 1:30:10]} 4. Bxd7+
{[%clk 1:31:33]} Qxd7 {[%clk 1:30:34]} 5. O-O {[%clk 1:31:51]} Nf6
{[%clk 1:30:09]} 6. Re1 {[%clk 1:32:08]} Nc6 {[%clk 1:30:01]} 7. c3
{[%clk 1:32:33]} e6 {[%clk 1:30:12]} 8. d4 {[%clk 1:32:57]} cxd4 {[%clk 1:30:35]}
9. cxd4 {[%clk 1:33:23]} d5 {[%clk 1:30:59]} 10. e5 {[%clk 1:33:50]} Ne4
{[%clk 1:31:23]} 11. Nbd2 {[%clk 1:33:02]} Nxd2 {[%clk 1:31:41]} 12. Bxd2
{[%clk 1:33:28]} Be7 {[%clk 1:31:51]} 13. Rc1 {[%clk 1:33:44]} O-O
{[%clk 1:32:00]} 14. a3 {[%clk 1:33:29]} Rfc8 {[%clk 1:27:45]} 15. Rc3
{[%clk 1:33:48]} b5 {[%clk 1:26:44]} 16. Rd3 {[%clk 1:33:38]} h6 {[%clk 1:18:53]}
17. h4 {[%clk 1:32:50]} b4 {[%clk 1:18:20]} 18. Nh2 {[%clk 1:30:46]} f5
{[%clk 1:08:06]} 19. exf6 {[%clk 1:24:05]} Bxf6 {[%clk 1:07:58]} 20. Qg4
{[%clk 1:05:39]} bxa3 {[%clk 1:01:03]} 21. bxa3 {[%clk 1:05:50]} h5
{[%clk 1:01:25]} 22. Qxh5 {[%clk 0:51:59]} Nxd4 {[%clk 1:01:20]} 23. Bg5
{[%clk 0:44:32]} Nf5 {[%clk 0:48:51]} 24. Bxf6 {[%clk 0:44:00]} gxf6
{[%clk 0:48:23]} 25. Ng4 {[%clk 0:43:00]} Rf8 {[%clk 0:37:26]} 26. Nh6+
{[%clk 0:37:49]} Nxh6 {[%clk 0:37:48]} 27. Rg3+ {[%clk 0:30:10]} Kh7
{[%clk 0:38:02]} 28. Rg6 {[%clk 0:30:13]} Qg7 {[%clk 0:38:04]} 29. Rxg7+
{[%clk 0:30:39]} Kxg7 {[%clk 0:38:33]} 30. Rxe6 {[%clk 0:31:02]} Rad8
{[%clk 0:38:52]} 31. Re3 {[%clk 0:30:27]} Ng8 {[%clk 0:39:12]} 32. Rg3# 1-0

[Event "Batavia 1920"]
[Site "Amsterdam"]
[Date "2014.02.25"]
[Round "5.3"]
[White "Williams, Simon"]
[Black "Van Delft, Merijn"]
[Result "1-0"]
[LiveChessVersion "1.4.2"]
[BlackElo "2423"]
[WhiteElo "2449"]

1. d4 {[%clk 1:30:57]} d5 {[%clk 1:29:47]} 2. c4 {[%clk 1:31:13]} c6
{[%clk 1:30:09]} 3. Nc3 {[%clk 1:31:23]} Nf6 {[%clk 1:29:59]} 4. Nf3
{[%clk 1:31:44]} e6 {[%clk 1:30:13]} 5. Bg5 {[%clk 1:31:58]} h6 {[%clk 1:30:27]}
6. Bh4 {[%clk 1:32:17]} dxc4 {[%clk 1:30:27]} 7. e4 {[%clk 1:32:35]} g5
{[%clk 1:30:43]} 8. Bg3 {[%clk 1:32:58]} b5 {[%clk 1:31:02]} 9. Be2
{[%clk 1:33:02]} Bb7 {[%clk 1:31:15]} 10. Qc2 {[%clk 1:32:55]} Nbd7
{[%clk 1:30:42]} 11. Rd1 {[%clk 1:32:58]} Nh5 {[%clk 1:29:11]} 12. d5
{[%clk 1:32:55]} Nxg3 {[%clk 1:29:11]} 13. hxg3 {[%clk 1:32:07]} cxd5
{[%clk 1:29:05]} 14. exd5 {[%clk 1:32:30]} exd5 {[%clk 1:29:15]} 15. Nxd5
{[%clk 1:32:34]} Bg7 {[%clk 1:28:35]} 16. Ne3 {[%clk 1:29:36]} Qa5+
{[%clk 1:27:23]} 17. Kf1 {[%clk 1:29:58]} Rd8 {[%clk 1:27:45]} 18. Nf5
{[%clk 1:30:16]} Kf8 {[%clk 1:27:05]} 19. a4 {[%clk 1:30:20]} a6 {[%clk 0:57:20]}
20. N3d4 {[%clk 1:30:16]} Ne5 {[%clk 0:25:46]} 21. Nxg7 {[%clk 1:00:31]} Kxg7
{[%clk 0:26:04]} 22. Bf3 {[%clk 0:57:45]} Rxd4 {[%clk 0:06:55]} 23. Rxd4
{[%clk 0:58:05]} Nxf3 {[%clk 0:06:59]} 24. gxf3 {[%clk 0:58:27]} Bxf3
{[%clk 0:07:09]} 25. Qf5 {[%clk 0:58:13]} Bxh1 {[%clk 0:05:57]} 26. Qe5+
{[%clk 0:58:20]} Kh7 {[%clk 0:04:59]} 27. Qe7 {[%clk 0:48:08]} Rg8
{[%clk 0:01:59]} 28. Qxf7+ {[%clk 0:47:51]} Rg7 {[%clk 0:02:19]} 29. Qf5+
{[%clk 0:47:56]} Kg8 {[%clk 0:01:16]} 30. Qc8+ {[%clk 0:20:37]} Kh7
{[%clk 0:01:42]} 31. Rd8 {[%clk 0:20:44]} Qb6 {[%clk 0:02:01]} 32. g4
{[%clk 0:21:06]} Qf6 {[%clk 0:00:58]} 33. Rh8+ {[%clk 0:18:48]} Kg6
{[%clk 0:01:27]} 34. Rxh6+ {[%clk 0:19:05]} Kf7 {[%clk 0:01:17]} 35. Rxf6+
{[%clk 0:17:59]} Kxf6 {[%clk 0:01:46]} 36. Qxa6+ {[%clk 0:16:42]} Ke5
{[%clk 0:02:10]} 37. Qxb5+ {[%clk 0:16:24]} Bd5 {[%clk 0:02:32]} 38. Qe8+
{[%clk 0:16:23]} Kd4 {[%clk 0:01:23]} 39. Qe3# {[%clk 0:16:43]} 1-0